| 000 | 00824nam a2200205Ia 4500 | ||
|---|---|---|---|
| 003 | OSt | ||
| 005 | 20260407123322.0 | ||
| 008 | 160316s2012 xxu||||| |||| 00| 0 eng d | ||
| 020 | _a9788184001631 (pbk) | ||
| 082 | _a330 DEO | ||
| 100 | _aDeodhar, Satish Y. | ||
| 245 |
_aDay to day economics / _cSatish Y. Deodhar |
||
| 260 |
_aNoida : _bRandom House India, _c2012. |
||
| 300 |
_axiv, 214 p. ; _c19 cm. |
||
| 365 | _bRs. 299.00 | ||
| 505 | _aContents: Introduction- 1. Medley of Government and private sector- 2. Budget, deficits, and taxation- 3. Money, banking, and the stock market- 4. Freer trade and world trade organization- 5. Anatomy of inflation- 6. The boom and bust phenomena- 7. Unaimed opulence- 8. Ecologue. | ||
| 650 | _aEconomics - Day - To - Day Affairs | ||
| 700 |
_a _a |
||
| 942 |
_2ddc _cBK |
||
| 999 |
_c30584 _d30584 |
||